| 000 | 00499nam a22001577a 4500 | ||
|---|---|---|---|
| 008 | 230515b |||||||| |||| 00| 0 eng d | ||
| 040 |
_aNational Science Library _cNational Science Library |
||
| 080 |
_a551.4.577.4:628.51 _bL0 |
||
| 100 |
_aNicholson, Max _98909 |
||
| 245 |
_aEnvironmental revolution: _bA guider for the new masters of the world |
||
| 260 |
_aLondon: _bHodder and Stoughton, _c1970 |
||
| 300 | _a366p. | ||
| 650 | _aEnvironment | ||
| 653 | _aRevolution | ||
| 942 |
_2udc _cBK |
||
| 999 |
_c29865 _d29865 |
||